• 首页
  • 本馆介绍
  • 公告通知
  • 最新文献
  • 馆藏检索
  • 电子资源
  • 读者导购
  • 参考咨询
  • 我的图书馆
  • 登录
  • 详细信息显示
  • 放入我的书架
  • 预约/预借图书
  • 作者相关作品
  • 分类相关作品
  • 丛书相关作品
  • 出版社相关作品

书目信息

  • 表格格式
  • 工作单格式
  • 卡片格式
题名:
3ds max/VRay室内外设计材质与灯光速查手册
    
 
作者: 刘正旭 编著
分册:  
出版信息: 北京   电子工业出版社  2014
页数: 305页
开本: 24cm
丛书名:
单 册:
中图分类: TU201.4-62
科图分类:
主题词: 建筑设计--Jian Zhu She Ji--计算机辅助设计--应用软件--手册
电子资源:
ISBN: 978-7-121-23604-4
000 01163nam0 2200277 450
001 1654288125
005 20145117105118.0
010    @a978-7-121-23604-4@dCNY59.80
010    @a978-7-89432-924-0@b光盘
100    @a20140904d2014 em y0chiy0120 ea
101 0  @achi
102    @aCN@b110000
105    @aa z 000yy
106    @ar
200 1  @a3ds max/VRay室内外设计材质与灯光速查手册@A3ds max/VRay Shi Nei Wai She Ji Cai Zhi Yu Deng Guang Su Cha Shou Ce@f刘正旭编著
205    @a第2版
210    @a北京@c电子工业出版社@d2014
215    @a305页@c彩图@d24cm@e光盘1片
305    @a2012年第1版
330    @a本书是业内渲染专家针对室内外效果图中的灯光材质制作规律,基于3ds max及VRay渲染器,以速查手册的形式为三维设计师精心打造的一本案头必备工具书。书中分析了大量常用的VRay材质(103种+106种扩展类型)和各种灯光(50种+50种扩展类型)的制作方法和原理,附上详细的参数设置供读者参考学习,让读者轻松制作各种所需的材质及灯光。
333    @a三维设计爱好者
606 0  @a建筑设计@AJian Zhu She Ji@x计算机辅助设计@x应用软件@j手册
690    @aTU201.4-62@v5
701  0 @a刘正旭@ALiu Zheng Xu@4编著
801  0 @aCN@b江苏新华@c20150511
905    @aBZT@dTU201.4-62@e3
    
    3ds max/VRay室内外设计材质与灯光速查手册/刘正旭编著.-第2版.-北京:电子工业出版社,2014
    305页:彩图;24cm+光盘1片
    使用对象:三维设计爱好者
    
    ISBN 978-7-121-23604-4:CNY59.80
    本书是业内渲染专家针对室内外效果图中的灯光材质制作规律,基于3ds max及VRay渲染器,以速查手册的形式为三维设计师精心打造的一本案头必备工具书。书中分析了大量常用的VRay材质(103种+106种扩展类型)和各种灯光(50种+50种扩展类型)的制作方法和原理,附上详细的参数设置供读者参考学习,让读者轻松制作各种所需的材质及灯光。
●
相关链接 在五车中查询图书 在当当中查询图书 在豆瓣中查询图书


正题名:3ds max/VRay室内外设计材质与灯光速查手册     索取号:TU201.4-62/3         预约/预借

序号 登录号 条形码 馆藏地/架位号 状态 备注
1 795997   2000795997   第二书库/ [索取号:TU201.4-62/3] 在馆    
2 795998   2000795998   第二书库/ [索取号:TU201.4-62/3] 在馆    
3 795999   2000795999   第二书库/ [索取号:TU201.4-62/3] 在馆    
山东省滨州职业学院图书馆 欢迎您!
大连网信软件有限公司© 版权所有